LIBRARY & INFORMATION CENTRE, KCAET, TAVANUR

ONLINE PUBLIC ACCESS CATALOGUE (OPAC)

Basic Electrical Engineering with Numerical Problems Volume 11 (Record no. 19427)

MARC details
000 -LEADER
fixed length control field 00457nam a22001697a 4500
003 - CONTROL NUMBER IDENTIFIER
control field OSt
008 - FIXED-LENGTH DATA ELEMENTS--GENERAL INFORMATION
fixed length control field 250221b |||||||| |||| 00| 0 eng d
020 ## - INTERNATIONAL STANDARD BOOK NUMBER
ISBN 0-07-451587-X
041 ## - LANGUAGE CODE
Language code of text/sound track or separate title eng
082 ## - DEWEY DECIMAL CLASSIFICATION NUMBER
Classification number 621.3
Item number DHO/BA
100 ## - MAIN ENTRY--AUTHOR NAME
Personal name Dhogal, PS
245 ## - TITLE STATEMENT
Title Basic Electrical Engineering with Numerical Problems Volume 11
250 ## - EDITION STATEMENT
Edition statement 15th Reprint
260 ## - PUBLICATION, DISTRIBUTION, ETC. (IMPRINT)
Place of publication New Delhi:
Name of publisher Tata McGraw-Hill Publishing Co Ltd,
Year of publication 1999.
300 ## - PHYSICAL DESCRIPTION
Number of Pages 466p.
942 ## - ADDED ENTRY ELEMENTS (KOHA)
Koha item type Books
Holdings
Withdrawn status Lost status Damaged status Home library Current library Date acquired Source of acquisition Cost, normal purchase price Full call number Accession Number Koha item type
      KAUAET KAUAET 21/02/2025 Higgin BothGrees, Ernakulam 90.00 621.3 DHO/BA 20401 Books
free website counter